Digoxínu podobná imunoaktivita ako rizikový faktor?

Bibliographic Details
Main Authors: Martinka, Emil (Author), Mokáň, Marián, 1957- (Author), Květenský, Josef, 1928- (Author), Ochodnický, Milan, 1948- (Author), Vladár, Ľubomír, 1949- (Author), Koštek, Milan (Author), Polko, Jozef (Author)
Format: Article
Language:Slovak
PhysicalDescription:Sch. 1, res. angl., nem., slov., lit. 24 zázn. v angl., slov.
ISSN:1335-0234
Subjects:

MARC

LEADER 00000nab a2200000 a 4500
001 vtls000520431
003 SK-MaSNL
005 20260426080525.0
008 250425c1994 xo 0 slo
015 |a SNBRB19rr/mm-uuuuu 
035 |a CL0520569 
035 |a urn:nbn:sk:snk-abd2o 
035 |a (urnnbn)urn:nbn:sk:snk:ar-a054jq 
035 |a (uuid)5197da00-d984-4c7c-a859-d426d084450a 
040 |a SNKBUCL  |b slo  |c SNKBUCL  |e AACR2 
041 0 |a slo 
044 |a xo  |c SK 
080 |a 616.13-004.6:612.017:616-097  |2 1981 
080 |a 612.017  |2 1981 
080 |a 616-097  |2 1981 
245 0 0 |a Digoxínu podobná imunoaktivita ako rizikový faktor?  |c Emil Martinka ... [et al.] 
300 |b Sch. 1, res. angl., nem., slov., lit. 24 zázn. v angl., slov. 
650 0 7 |a artérioskleróza  |2 snkbucl  |9 2429 
650 0 7 |a imunoaktivita podobná digoxínu  |2 snkbucl  |9 1380897 
655 7 |a články z novín a časopisov  |2 snkbucl  |9 267496 
700 1 |a Martinka, Emil  |4 aut  |9 476563 
700 1 |a Mokáň, Marián,  |d 1957-  |4 aut  |9 106742 
700 1 |a Květenský, Josef,  |d 1928-  |4 aut  |9 106437 
700 1 |a Ochodnický, Milan,  |d 1948-  |4 aut  |9 201268 
700 1 |a Vladár, Ľubomír,  |d 1949-  |4 aut  |9 200577 
700 1 |a Koštek, Milan  |4 aut  |9 1308699 
700 1 |a Polko, Jozef  |4 aut  |9 11779 
773 0 |t Slovenský lekár  |g Roč. 4 (18), č. 6-7 (1994), s. 12-14  |x 1335-0234 
850 |a Slovenská národná knižnica 
852 |a Slovenská národná knižnica 
954 |a odborná, vedecká literatúra pôvodná (slovenská)  |2 lita 
958 |a article27 
958 |a RK 
958 |a MI 
958 |a NB 
958 |a OND 
958 |a EUIPO 
992 |a RBX 
999 |c 2810747  |d 2812677